| 000 | 00981nam a2200277 a 4500 | ||
|---|---|---|---|
| 003 | MX-MxUPN | ||
| 005 | 20220811121346.0 | ||
| 008 | 191018s1989 mx r 000 0 spa d | ||
| 020 | _a9682431360 | ||
| 035 | _aUPN01000233543 | ||
| 040 |
_aMX-MxUPN _bspa _cMX-MxUPN |
||
| 041 | 1 |
_aspa _heng |
|
| 050 | 4 |
_aHD69 D4 _bD4.418 1989 |
|
| 100 | 1 |
_aDelbecq, André L. _943769 |
|
| 240 | 1 | 0 |
_a[Group techniques for program planning: a guide to nominal group and Delphi processes. _lEspañol] |
| 245 | 1 | 0 |
_aTécnicas grupales para la planeación / _cAndre L. Delbecq, Andrew H. Van de Ven, David H. Gustafson ; tr. Carlos Villegas García. |
| 250 | _aSegunda edición. | ||
| 260 |
_aMéxico, D.F. : _bTrillas, _c1989. |
||
| 300 | _a204 páginas | ||
| 490 | 0 | _aTeoría y práctica organizacional | |
| 650 | 4 |
_aDecisión de grupo _945688 |
|
| 700 | 1 |
_aVan de Ven, Andrew H. _943770 _ecoaut. |
|
| 700 | 1 |
_aGustafson, David H. _943771 _ecoaut. |
|
| 905 | _aLibro | ||
| 999 |
_c205638 _d205638 |
||